[Event "Olympiad-42"]
[Site "Baku"]
[Date "2016.09.12"]
[Round "10.4"]
[White "Bravo, William"]
[Black "Demosthenous, Andreas"]
[Result "0-1"]
[WhiteElo "2194"]
[BlackElo "1983"]
[PlyCount "90"]
[EventDate "2016.09.02"]
[EventType "team-swiss"]
[EventRounds "11"]
[EventCountry "AZE"]
[SourceTitle "CBM 175"]
[Source "ChessBase"]
[SourceDate "2016.11.10"]
[SourceVersion "1"]
[SourceVersionDate "2016.11.10"]
[SourceQuality "1"]
[WhiteTeam "Nicaragua"]
[BlackTeam "Cyprus"]
[WhiteTeamCountry "NCA"]
[BlackTeamCountry "CYP"]

1. d4 Nf6 2. c4 c5 3. d5 e6 4. Nc3 exd5 5. cxd5 d6 6. e4 g6 7. f4 Bg7 8. Bb5+ Nfd7 9. a4 0-0 10. Nf3 Na6 11. 0-0 Nb4 12. Be3 a6 13. Be2 Re8 14. Bf2 b6 15. Bh4 Bf6 16. Bg3 Bd4+ 17. Kh1 f5 18. exf5 gxf5 19. Nxd4 cxd4 20. Bh5 Rf8 21. Na2 Nxa2 22. Rxa2 a5 23. Qxd4 Ba6 24. Re1 Rc8 25. Ra3 Qf6 26. Bf2 Rc4 27. Rg3+ Kh8 28. Qxf6+ Nxf6 29. Be2 Rc2 30. Bxa6 Rxf2 31. Kg1 Rxf4 32. Rf3 Rxf3 33. gxf3 Nxd5 34. Rd1 Nb4 35. Bc4 Rf6 36. Kf2 f4 37. Kg2 Kg7 38. Kh3 Nc2 39. Kh4 Ne3 40. Rg1+ Rg6 41. Rxg6+ hxg6 42. Bd3 Kf6 43. h3 d5 44. Bb1 g5+ 45. Kh5 Nc4 0-1

[Event "Olympiad-42"]
[Site "Baku"]
[Date "2016.09.05"]
[Round "4.4"]
[White "Demosthenous, Andreas"]
[Black "Zhu, Chen"]
[Result "1/2-1/2"]
[WhiteElo "1983"]
[BlackElo "2418"]
[PlyCount "81"]
[EventDate "2016.09.02"]
[EventType "team-swiss"]
[EventRounds "11"]
[EventCountry "AZE"]
[SourceTitle "CBM 175"]
[Source "ChessBase"]
[SourceDate "2016.11.10"]
[SourceVersion "1"]
[SourceVersionDate "2016.11.10"]
[SourceQuality "1"]
[WhiteTeam "Cyprus"]
[BlackTeam "Qatar"]
[WhiteTeamCountry "CYP"]
[BlackTeamCountry "QAT"]

1. e4 c5 2. Nf3 d6 3. Bb5+ Nd7 4. 0-0 a6 5. Bd3 Ngf6 6. Re1 e5 7. c3 Qc7 8. a4 b6 9. Bc2 c4 10. b3 cxb3 11. Bxb3 Nc5 12. d3 Bg4 13. Na3 Be7 14. Be3 Bxf3 15. gxf3 Nh5 16. Bd5 Rb8 17. d4 Nd7 18. Qd3 0-0 19. Qxa6 Qxc3 20. Rec1 Qa5 21. Qxa5 bxa5 22. Rc7 Rbd8 23. Bc6 exd4 24. Bxd4 Bf6 25. Bxf6 Nhxf6 26. Nc4 Rc8 27. Rxc8 Rxc8 28. Nxa5 Ne5 29. Bb5 Nxf3+ 30. Kg2 Nh4+ 31. Kg3 g5 32. Bc6 Rxc6 33. Nxc6 Nxe4+ 34. Kg4 f5+ 35. Kh5 Kg7 36. f4 Ng6 37. fxg5 Nf4+ 38. Kh4 Ng2+ 39. Kh3 Nf4+ 40. Kh4 Ng6+ 41. Kh3 1/2-1/2

[Event "EU-ch U16 26th"]
[Site "Prague"]
[Date "2016.08.25"]
[Round "7"]
[White "Demosthenous, Andreas"]
[Black "Liska, Jiri2222"]
[Result "0-1"]
[WhiteElo "1925"]
[BlackElo "2116"]
[PlyCount "94"]
[EventDate "2016.08.18"]
[EventType "swiss"]
[EventRounds "9"]
[EventCountry "CZE"]
[SourceTitle "CBM 174 Extra"]
[Source "ChessBase"]
[SourceDate "2016.10.10"]
[SourceVersion "1"]
[SourceVersionDate "2016.10.10"]
[SourceQuality "1"]

1. e4 c5 2. Nf3 Nc6 3. d4 cxd4 4. Nxd4 e5 5. Nf3 Nf6 6. Bc4 Qa5+ 7. Bd2 Qc5 8. Qe2 Be7 9. 0-0 0-0 10. Nc3 Nd4 11. Nxd4 exd4 12. Nd5 Nxd5 13. Bxd5 Bf6 14. Qd3 d6 15. Qb3 a5 16. c3 a4 17. Qd1 a3 18. b4 Qb6 19. c4 Be6 20. Qb3 Bxd5 21. exd5 Rfe8 22. Rae1 h6 23. Rxe8+ Rxe8 24. Qxa3 Qc7 25. Qd3 b6 26. f3 Rc8 27. Re1 g6 28. Rc1 Kh7 29. Be1 Qa7 30. Rc2 b5 31. Bf2 bxc4 32. Rxc4 Qa6 33. Rc3 Qxd3 34. Rxd3 Rc1+ 35. Be1 Rxe1+ 36. Kf2 Rb1 37. a3 Rb2+ 38. Kg3 g5 39. Kg4 Kg6 40. f4 h5+ 41. Kf3 g4+ 42. Kg3 Kf5 43. h4 Rc2 44. Rd1 Rc3+ 45. Kf2 Rxa3 46. Rb1 Ra2+ 47. Kf1 Bd8 0-1

[Event "EU-ch U16 26th"]
[Site "Prague"]
[Date "2016.08.21"]
[Round "4"]
[White "Tomulic, Teo"]
[Black "Demosthenous, Andreas"]
[Result "1-0"]
[WhiteElo "2148"]
[BlackElo "1925"]
[PlyCount "57"]
[EventDate "2016.08.18"]
[EventType "swiss"]
[EventRounds "9"]
[EventCountry "CZE"]
[SourceTitle "CBM 174 Extra"]
[Source "ChessBase"]
[SourceDate "2016.10.10"]
[SourceVersion "1"]
[SourceVersionDate "2016.10.10"]
[SourceQuality "1"]

1. e4 c5 2. Nf3 g6 3. d4 cxd4 4. Qxd4 Nf6 5. e5 Nc6 6. Qa4 Nd5 7. Qe4 Nc7 8. Nc3 Bg7 9. h4 d5 10. exd6 Qxd6 11. Bf4 Qe6 12. Ng5 Qxe4+ 13. Ngxe4 Ne6 14. Be3 f5 15. Nc5 Nxc5 16. Bxc5 Be6 17. 0-0-0 0-0 18. Nd5 Rfd8 19. Bc4 Kf7 20. Rhe1 Ne5 21. Bb3 b6 22. Nc7 Bxb3 23. Nxa8 Rxa8 24. Bd4 Bxc2 25. Kxc2 Rc8+ 26. Kb1 Nc6 27. Bxg7 Kxg7 28. Rc1 Kf6 29. Re3 1-0

[Event "EU-ch U16 26th"]
[Site "Prague"]
[Date "2016.08.18"]
[Round "1"]
[White "Demosthenous, Andreas"]
[Black "Koziol, Kamil"]
[Result "1/2-1/2"]
[WhiteElo "1925"]
[BlackElo "2276"]
[PlyCount "82"]
[EventDate "2016.08.18"]
[EventType "swiss"]
[EventRounds "9"]
[EventCountry "CZE"]
[SourceTitle "CBM 174 Extra"]
[Source "ChessBase"]
[SourceDate "2016.10.10"]
[SourceVersion "1"]
[SourceVersionDate "2016.10.10"]
[SourceQuality "1"]

1. e4 c5 2. Nf3 d6 3. Bb5+ Nd7 4. 0-0 a6 5. Bd3 Ngf6 6. c3 b5 7. c4 bxc4 8. Bxc4 Nb6 9. d3 Nxc4 10. dxc4 Bb7 11. e5 Bxf3 12. Qxf3 dxe5 13. Rd1 Qc8 14. Nc3 e6 15. Bg5 Be7 16. Rd3 Rb8 17. b3 Qb7 18. Qg3 h6 19. Bxf6 Bxf6 20. f3 0-0 21. Ne4 Be7 22. Qxe5 Qc6 23. Rad1 f6 24. Qh5 f5 25. Nc3 Rbd8 26. Qg6 Rxd3 27. Rxd3 Bf6 28. Ne2 Rd8 29. Rxd8+ Bxd8 30. Qg3 Bc7 31. Qe1 Qd6 32. g3 Kf7 33. Nf4 Qd4+ 34. Qf2 Qxf2+ 35. Kxf2 Kf6 36. Ke3 Bd6 37. Nh5+ Kg6 38. Nf4+ Kf6 39. Nh5+ Kf7 40. Nf4 g5 41. Nd3 Kf6 1/2-1/2